Estudio de factibilidad: plan agrícola, fuentes de aguas superficiales /

Estudio de factibilidad del proyecto de desarrollo agroindustrial del Valle de Sebaco en Nicaragua (plan agrícola y fuentes de aguas superficiales). Analiza las diferentes posibilidades para aprovechas los recursos de desarrollo agrícola y plantea varias alternativas de desarrollo del valle. Señala...

Полное описание

Сохранить в:
Библиографические подробности
Корпоративные авторы: Nicaragua. Consejo de Planificación Nacional. Dirección de Planificación Nacional, Tahal Consulting Engineers Ltd
Формат: Текст
Опубликовано: Managua: Dirección de Planificación Nacional
Предметы:
Метки: Добавить метку
Нет меток, Требуется 1-ая метка записи!

MARC

LEADER 00000 a a2200000 04500
001 20190
003
040 |a CRAI/IIS  |c CRAI/IIS 
090 |a 083303  
110 |a Nicaragua. Consejo de Planificación Nacional. Dirección de Planificación Nacional  
245 |a Estudio de factibilidad: plan agrícola, fuentes de aguas superficiales /  |c Nicaragua. Consejo de Planificación Nacional. Dirección de Planificación Nacional  
260 |a Managua:   |b Dirección de Planificación Nacional  
300 |a 159 p.; v. 3  
520 |a Estudio de factibilidad del proyecto de desarrollo agroindustrial del Valle de Sebaco en Nicaragua (plan agrícola y fuentes de aguas superficiales). Analiza las diferentes posibilidades para aprovechas los recursos de desarrollo agrícola y plantea varias alternativas de desarrollo del valle. Señala que el objetivo del plan consiste en la optimización de la producción de las fincas, mediante el uso más eficiente del agua, cultivándolas con productos de alto valor para sus procesados y comercializados./ACM  
650 |a NICARAGUA  
650 |a ESTUDIOS DE FACTIBILIDAD  
650 |a PROYECTOS DE DESARROLLO  
650 |a DESARROLLO AGRICOLA  
650 |a AGROINDUSTRIA  
650 |a POTENCIAL DE DESARROLLO  
710 |a Tahal Consulting Engineers Ltd.  
999 |c 16943  |d 16943